[Event "Taastrup Quick Weekend 23th Basis 7"]
[Site "Taastrup"]
[Date "2016.05.20"]
[Round "1"]
[White "Borg, Christoffer"]
[Black "Falkenberg, Mads"]
[Result "1-0"]
[WhiteElo "1270"]
[BlackElo "1505"]
[PlyCount "87"]
[EventDate "2016.05.20"]
[EventType "tourn"]
[EventRounds "5"]
[EventCountry "DEN"]
[SourceTitle "EXT 2024"]
[Source "ChessBase"]
[SourceDate "2023.10.10"]
[SourceVersion "1"]
[SourceVersionDate "2023.10.10"]
[SourceQuality "1"]

1. e4 e5 2. Nf3 Nc6 3. Bb5 d6 4. Bxc6+ bxc6 5. b3 Ba6 6. d3 Nf6 7. Bb2 Rb8 8. Nc3 Be7 9. 0-0 d5 10. Re1 d4 11. Ne2 Bd6 12. c3 c5 13. Ng3 g6 14. Qd2 Bf8 15. Nxe5 Qd6 16. cxd4 Rd8 17. dxc5 Qxc5 18. Rac1 Qd6 19. Rc6 Qb4 20. Qxb4 Bxb4 21. Rxa6 Bxe1 22. Rxf6 0-0 23. Nf3 Bb4 24. d4 Ba5 25. h4 Kg7 26. d5 Kg8 27. Ne5 Bb6 28. h5 a5 29. Ba3 Kg7 30. Rxb6 cxb6 31. Bxf8+ Kxf8 32. hxg6 hxg6 33. f4 Kg7 34. Kf2 Rc8 35. Nc6 Rh8 36. d6 Rc8 37. d7 Rxc6 38. d8Q Rc2+ 39. Kf3 Rxa2 40. Qxb6 a4 41. bxa4 Rxa4 42. f5 Ra3+ 43. Kg4 g5 44. Qb2+ 1-0